000 00297nam a2200109Ia 4500
008 220713s9999 xx 000 0 und d
020 _a9780799 318937
082 _aAF BERG
100 _aBergh, Rene
_974722
245 0 _aPLEK VAN DIE POUE
942 _cBK
_w561
_xJohn Tresidder
_y296
_zPhillipina Naude
999 _c712860
_d712859